Operating System: Design and implementation (Record no. 5086)

MARC details
000 -LEADER
fixed length control field 00486nam a22001817a 4500
005 - DATE AND TIME OF LATEST TRANSACTION
control field 20210909134747.0
008 - FIXED-LENGTH DATA ELEMENTS--GENERAL INFORMATION
fixed length control field 160701b xxu||||| |||| 00| 0 eng d
020 ## - INTERNATIONAL STANDARD BOOK NUMBER
ISBN 978-81-203-2955-3
041 ## - LANGUAGE CODE
Language code of text/sound track or separate title eng
082 ## - DEWEY DECIMAL CLASSIFICATION NUMBER
Item number 20492
Classification number 005.43
100 ## - MAIN ENTRY--AUTHOR NAME
Personal name Tanenbaum Andrew S. and Woodhull, Albert S.
245 ## - TITLE STATEMENT
Title Operating System: Design and implementation
250 ## - EDITION STATEMENT
Edition statement 3rd ed.
260 ## - PUBLICATION, DISTRIBUTION, ETC. (IMPRINT)
Name of publisher PHI
Place of publication delhi
Year of publication 2014
300 ## - PHYSICAL DESCRIPTION
Number of Pages 1031
650 ## - SUBJECT ADDED ENTRY--TOPICAL TERM
Topical Term Information Technology
942 ## - ADDED ENTRY ELEMENTS (KOHA)
Koha item type Books
Holdings
Lost status Damaged status Collection code Home library Current library Shelving location Date acquired Cost, normal purchase price Full call number Accession Number Koha item type
    CS/IT JRU Library   SHELF-51-A 01/07/2016 650.00 005.43 20492 Books
    CS/IT JRU Library JRU Library SHELF-51-A 01/07/2016 650.00 005.43 20493 Books
    CS/IT JRU Library JRU Library SHELF-51-A 01/07/2016 650.00 005.43 20494 Books
    CS/IT JRU Library JRU Library SHELF-51-A 01/07/2016 650.00 005.43 20495 Books
    CS/IT JRU Library JRU Library SHELF-51-A 01/07/2016 650.00 005.43 20496 Books